России нужна единая система аккредитации: Беседа с первым заместителем председателя Госстандарта России Г. И. Элькиным; Стандарты и качество; № 1

Bibliografiske detaljer
Parent link:Стандарты и качество: научно-технический журнал/ Российская Федерация, Государственный комитет по стандартизации и метрологии (Госстандарт России).— , 1980-.— 0038-9692
№ 1.— 2004.— С. 6-7
Hovedforfatter: Элькин Г. И.
Andre forfattere: Аладышкина Н.
Sprog:russisk
Udgivet: 2004
Serier:Панорама: хроника, информация, репортажи
Fag:
Format: Book Chapter
KOHA link:https://koha.lib.tpu.ru/cgi-bin/koha/opac-detail.pl?biblionumber=459575

MARC

LEADER 00000naa2a2200000 4500
001 459575
005 20231101085144.0
035 |a (RuTPU)RU\TPU\prd\123371 
035 |a RU\TPU\prd\24321 
090 |a 459575 
100 |a 20111024a2004 k y0rusy50 ca 
101 0 |a rus 
102 |a RU 
200 1 |a России нужна единая система аккредитации  |f Г. И. Элькин  |g [Беседовал] Н. Аладышкина  |e Беседа с первым заместителем председателя Госстандарта России Г. И. Элькиным 
225 1 |a Панорама: хроника, информация, репортажи 
461 1 |0 (RuTPU)RU\TPU\prd\992  |x 0038-9692  |t Стандарты и качество  |o научно-технический журнал  |f Российская Федерация, Государственный комитет по стандартизации и метрологии (Госстандарт России)  |d 1980- 
463 1 |0 (RuTPU)RU\TPU\prd\123369  |t № 1  |v С. 6-7  |d 2004 
610 1 |a система аккредитации 
610 1 |a Россия 
610 1 |a техническое регулирование 
610 1 |a рыночная экономика 
610 1 |a государственная политиа 
610 1 |a интервью 
700 1 |a Элькин  |b Г. И. 
702 1 |a Аладышкина  |b Н.  |4 470 
801 1 |a RU  |b 63413507  |c 20040324  |g PSBO 
801 2 |a RU  |b 63413507  |c 20111024  |g PSBO 
942 |c BK